000 00657nam a22002177a 4500
005 20170124110116.0
010 _aA-221412
020 _c00.00
035 _aA-221412
037 _bCen Lib/Ret
040 _aDPL
_bEN
082 _a921
_bJHA
100 _aJha, Tej Narayan
_930076
245 _aIndira Gandhi :
_cby Tej Narayan Jha
_bthe conscience-keeper of the nation /
260 _bYatharth Publications
_c1983
_aPatna
270 _aDevi Asthan Lane, Chiraiyatand
_bPatna
_e800 001
300 _a144p.
_c19cm(Hb)
650 _aIndira Gandhi
_930077
650 _aThe national conscience kept
_930078
942 _2ddc
_cEN
_h921
_mJHA
999 _c130776
_d130776